| 000 | 00603nam a22001817a 4500 | ||
|---|---|---|---|
| 999 |
_c173589 _d173589 |
||
| 005 | 20200303124759.0 | ||
| 010 | _aENG-127950 | ||
| 020 |
_a9789389807752 _c295.00 |
||
| 035 | _aEN-111482 | ||
| 037 | _bDBAD/PUB | ||
| 082 | _a954 | ||
| 100 | _aBharat,Anirudh Singh | ||
| 245 |
_aRevival of Bharat : _cby Anirudh Singh Bharat _ba scientific civilization and its relevancy in present time/ |
||
| 260 |
_aNew Delhi _bDiamond Books _c2020 |
||
| 270 |
_ax-30,Okhla Industrial Area, Phase-II _bNew Delhi _e110032 _mSales@dpb.in |
||
| 300 |
_a214p. _c22cm(hb) |
||
| 942 |
_2ddc _cEN _h954 _mBHA |
||